Hamilton Characters Death Match Quiz Stats

 Plays Quiz Updated Apr 11, 2018

Also try: 'Hamilton' Songs
Challenge
Share
Tweet
Embed
Score 0/18 Timer 04:00
3 Plays Today
% Correct
Alexander Hamilton
98.5%
George Washington
89.8%
Philip Hamilton
87.2%
King George III
87.2%
Thomas Jefferson
85.5%
Marquis de Lafayette
85.2%
Eliza Schuyler
83.6%
Charles Lee
81.1%
Maria Reynolds
76.6%
% Correct
Samuel Seabury
76.4%
Peggy Schuyler
75.4%
James Madison
74.3%
Angelica Schuyler
72.9%
John Laurens
71.8%
Hercules Mulligan
71.4%
James Reynolds
69.9%
Aaron Burr
68.6%
George Eacker
55.8%

You're not logged in!

Compare scores with friends on all Sporcle quizzes.
Join for Free
OR
Log In

You Might Also Like...

Show Comments

Extras

Top Quizzes Today


Score Distribution

Your Account Isn't Verified!

In order to create a playlist on Sporcle, you need to verify the email address you used during registration. Go to your Sporcle Settings to finish the process.

Report this User

Report this user for behavior that violates our Community Guidelines.

Details: